000 00421nam a2200181Ia 4500
001 10756
005 20260306161855.0
008 260306t1985||||xx |||||||||||||| ||spa||
041 _aESP
082 _a947.084
_bT82 T. 2
100 _aTrotski, León
_eAUT
245 0 _aHistoria de la revolución rusa (II)
260 _c1985
300 _a
_c20 cm.
650 _aGEN
654 _aCHU
942 _cLIB
_dJUS
_fJUS
_2ddc
_n
999 _c10756
_d10756